<?xml version="1.0" encoding="UTF-8"?>
<collection xmlns="http://www.loc.gov/MARC21/slim">
 <record>
  <leader>00354pamaa2200145   4500</leader>
  <controlfield tag="001">0000015902</controlfield>
  <controlfield tag="005">20061218090000.0</controlfield>
  <datafield tag="020" ind1="0" ind2="0">
   <subfield code="a">0373614012 </subfield>
  </datafield>
  <datafield tag="082" ind1=" " ind2=" ">
   <subfield code="a">823 BOL 1983</subfield>
  </datafield>
  <datafield tag="090" ind1="0" ind2="0">
   <subfield code="a">PS3552.O43 </subfield>
   <subfield code="b">BOL 1983</subfield>
  </datafield>
  <datafield tag="100" ind1="1" ind2="0">
   <subfield code="a">BOLAN </subfield>
  </datafield>
  <datafield tag="245" ind1="1" ind2="0">
   <subfield code="a">Stony man doctrine  </subfield>
   <subfield code="c">Mack Bolan.</subfield>
  </datafield>
  <datafield tag="260" ind1="0" ind2="0">
   <subfield code="a">Toronto: </subfield>
   <subfield code="b">Gold Eagle Book, </subfield>
   <subfield code="c">1983.</subfield>
  </datafield>
  <datafield tag="300" ind1=" " ind2=" ">
   <subfield code="a">371p.; </subfield>
   <subfield code="c">17cm.</subfield>
  </datafield>
  <datafield tag="650" ind1="0" ind2="0">
   <subfield code="a">Fiction </subfield>
  </datafield>
 </record>
</collection>
